| 000 | 01012nam a22002657a 4500 | ||
|---|---|---|---|
| 999 |
_c6393 _d6393 |
||
| 003 | GBCCL | ||
| 005 | 20241126110602.0 | ||
| 008 | 180511b ||||| |||| 00| 0 eng d | ||
| 020 | _a9780882643267 | ||
| 040 | _cgbc | ||
| 082 |
_a272.9092 _bWUR |
||
| 100 |
_aWurmbrand, Richard _95052 |
||
| 245 |
_aTortured for Christ / _cRichard Wurmbrand |
||
| 260 |
_bLiving Sacrifice Book Company, _aBartlesville: _c1998 |
||
| 300 |
_a170 p.; _bill., port., _c23 cm. |
||
| 650 |
_aWurmbrand, Richard _95052 |
||
| 650 |
_aLutheran Church _vRomania _xClergy _xBiography _911452 |
||
| 650 |
_aPersecution _vRomania _xHistory _y20th century _911453 |
||
| 650 |
_aPolitical Prisoners _vRomania _xBiography _911454 |
||
| 650 |
_aCommunism and Christianity _vRomania _xHistory _y20th century _911455 |
||
| 650 |
_aCommunism and Christianity _zEurope, Eastern _xHistory _y20th century _911456 |
||
| 650 |
_aRomania _xChurch History _y20th century _911457 |
||
| 650 |
_aEurope, Eastern _xChurch History _y20th century _911458 |
||
| 942 |
_2ddc _cBK _01 |
||